Państwa graniczące z Brazylią - nagła śmierć - Statystyki

Ogólne statystyki
  • Ten quiz został rozwiązany 74 razy
  • Średni wynik to 7 z 10
Answers on the Grid
Answers color-coded by a green-red scale on the quiz's grid according to % correct below.
Urugwaj
Argentyna
Paragwaj
Boliwia
Peru
Kolumbia
Wenezuela
Gujana
Surinam
Francja
Chile
Ekwador
Trynidad i Tobago
Panama
Nikaragua
Saint Lucia
 
Statystyki odpowiedzi
Odpowiedź % Poprawnych
Argentyna
82%
Paragwaj
76%
Kolumbia
67%
Gujana
64%
Boliwia
62%
Peru
62%
Urugwaj
62%
Wenezuela
62%
Francja
58%
Surinam
58%
Nie znaleziono quizów pasujących do podanych kryteriów
Rozkład punktacji
Procent ludzi z każdym wynikiem
Percentyl według liczby udzielonych odpowiedzi
Twoja historia wyników
Nie rozwiązałeś tego quizu